Ý tưởng mới từ các kinh tế gia tiền bối : hướng tới những tư tưởng kinh tế hiện đại = New ideas from dead economists : an introduction to modern economic thought

Shranjeno v:
Bibliografske podrobnosti
Glavni avtor: Buchholz, Todd G.
Format: Knjiga
Jezik:Undetermined
Izdano: Hà Nội Tri Thức 2007
Teme:
Oznake: Označite
Brez oznak, prvi označite!
Thư viện lưu trữ: Trung tâm Học liệu Trường Đại học Cần Thơ
LEADER 00813nam a2200217Ia 4500
001 CTU_128720
008 210402s9999 xx 000 0 und d
020 |c 60000 
082 |a 330.0922 
082 |b B919 
100 |a Buchholz, Todd G. 
245 0 |a Ý tưởng mới từ các kinh tế gia tiền bối : hướng tới những tư tưởng kinh tế hiện đại = 
245 0 |b New ideas from dead economists : an introduction to modern economic thought 
245 0 |c Todd G. Buchholz; Phạm Hồng Bắc và Bùi Ngọc Sơn biên dịch 
260 |a Hà Nội 
260 |b Tri Thức 
260 |c 2007 
650 |a Economists,Economics 
650 |x Biography.,History. 
904 |i Minh 
980 |a Trung tâm Học liệu Trường Đại học Cần Thơ